000 00673nam a2200241Ia 4500
003 OSt
005 20220930072130.0
006 a|||||r|||| 00| 0
007 ta
008 220926b |||||||| |||| 00| 0 hin d
024 _a18998
037 _cTheses
040 _aCRL
_cCRL
_bhin
041 _2hin
_ahin
100 _aTiwari Raj Kumar
_9529440
110 _aUniversity of Delhi. Faculty of Arts. Department of Sanskrit
245 0 _aSanskrit abhilekhoan ka dharmik adhyan.
260 _c1981
650 _aSANSKRIT
700 _aUniversity of Delhi. Faculty of Arts. Department of Sanskrit
942 _cDIS
_2CC
999 _c863433
_d863433